00690nam a2200217Ia 4500001000700000003000500007008004100012010001100053020001800064040000900082082001500091100002300106245014700129250001200276260003200288300001700320503001700337504003300354650004600387650003900433Z_5845CHAP220113s9999 xx 000 0 und d a169050 a0-85199-010-X cCHAP a630.28 T46 aThornley, J. H. M. aMathematical models in agriculture a quantitative : approach to problems in agriculture and related sciences /cJ. H. M. Thornley y J. France a2a. ed. aReino Unido :bCABI,c  axvii, 906 p. aej.1: 242183 aBibliografía: p. 843 - 886 aAgricultura xx Análisis estadístico aAgriculturaxModelos matemáticos